Cuadernos de Estudio para Dirigentes Sindicales y Populares /
Na minha lista:
| Formato: | Livro |
|---|---|
| Publicado em: |
San José, Costa Rica:
ASEPROLA
|
| Tags: |
Adicionar Tag
Sem tags, seja o primeiro a adicionar uma tag!
|
MARC
| LEADER | 00000nam a22000007a 4500 | ||
|---|---|---|---|
| 003 | cru CIDCACS/IIS | ||
| 005 | 20191001111254.0 | ||
| 008 | 191001n cr|||p|r||||||0| ||spa|d | ||
| 999 | |c 42423 |d 42423 | ||
| 040 | |c cru CIDCACS/IIS | ||
| 090 | |a REV0234 | ||
| 245 | 0 | |a Cuadernos de Estudio para Dirigentes Sindicales y Populares / |c Asociación de Servicios de Promoción Laboral | |
| 260 | |a San José, Costa Rica: |b ASEPROLA | ||
| 942 | |2 ddc |c PP | ||
